00484 2200169 4500001002100000005001500021035001900036245007400055100004000129300003800169260004200207082000700249084001300256020002100269990001200290990001200302INLIS00000000000190520250716082422$a 0010-0725000026$a Komik Next G: Kakak Yang Baik /$c Caroline Timothy Rumasingap & Fatima$a Caroline Timothy Rumasingap & Fatima$a 96 hlm : $b ilus ; $c 14.5 x 21 cm$a Bandung :$b PT Muffin Graphics,$c 2023$a 813$a 813 CAR k$a 978-602-367-896-9$a 098/2024$a 099/2024